Normal view
MARC view
Entry Personal Name
001 - CONTROL NUMBER
- control field: 25903
003 - CONTROL NUMBER IDENTIFIER
- control field: OSt
005 - DATE AND TIME OF LATEST TRANSACTION
- control field: 20230614151211.0
008 - FIXED-LENGTH DATA ELEMENTS
- fixed length control field: 230614|| aca||aabn | a|a d
040 ## - CATALOGING SOURCE
- Original cataloging agency: OSt
- Transcribing agency: OSt
100 ## - HEADING--PERSONAL NAME
- Personal name: ၼ်ေႃၶမ်း(မိုင်ႈၵိုင်)၊
- Titles and other words associated with a name: ၸဝ်။
670 ## - SOURCE DATA FOUND
- Source citation: Work cat.: (OSt): ၼ်ေႃၶမ်း(မိုင်ႈၵိုင်)၊ ၸဝ်။, ၸိၼတ်ထပၵႃသၼီ (ဇိနတ္ထပကာသနီ) /, 1994 ။